A higher loyalty : (Record no. 591104)

000 -LEADER
fixed length control field 04363cam a2200733 i 4500
001 - CONTROL NUMBER
control field 20415508
003 - CONTROL NUMBER IDENTIFIER
control field NUST
005 - DATE AND TIME OF LATEST TRANSACTION
control field 20220825163750.0
008 - FIXED-LENGTH DATA ELEMENTS--GENERAL INFORMATION
fixed length control field 180322t20182018nyu 001 0aeng d
010 ## - LIBRARY OF CONGRESS CONTROL NUMBER
LC control number 2017416945
020 ## - INTERNATIONAL STANDARD BOOK NUMBER
International Standard Book Number 9781250192455
Qualifying information (hardcover)
020 ## - INTERNATIONAL STANDARD BOOK NUMBER
International Standard Book Number 1250192455
Qualifying information (hardcover)
020 ## - INTERNATIONAL STANDARD BOOK NUMBER
Canceled/invalid ISBN 9781250192462
Qualifying information (ebook)
035 ## - SYSTEM CONTROL NUMBER
System control number (OCoLC)on1022941434
037 ## - SOURCE OF ACQUISITION
Source of stock number/acquisition St Martins Pr, C/O Mps 16365 James Madison Hwy Us Hwy 15, Gordonsville, VA, USA, 22942, (212)6745151
Note SAN 631-5011
038 ## - RECORD CONTENT LICENSOR
Staff Name Azhar
040 ## - CATALOGING SOURCE
Original cataloging agency CN5O4
Language of cataloging eng
Transcribing agency CN5O4
Description conventions rda
Modifying agency ZQP
-- OCLCF
-- PX0
-- JOY
-- KYC
-- YDX
-- JQR
-- TCH
-- QQ3
-- BUR
-- OCLCO
-- BKL
-- QX9
-- FBR
-- ZHB
-- WLU
-- FYM
-- INR
-- EYP
-- Q2V
-- IWC
-- HTPCL
-- NDS
-- RB0
-- TXNEW
-- OBE
-- VP@
-- T7R
-- DLC
042 ## - AUTHENTICATION CODE
Authentication code lccopycat
043 ## - GEOGRAPHIC AREA CODE
Geographic area code n-us---
050 00 - LIBRARY OF CONGRESS CALL NUMBER
Classification number HV8144.F43
Item number C66 2018
082 00 - DEWEY DECIMAL CLASSIFICATION NUMBER
Classification number 363.25092
Author Mark COM
100 1# - MAIN ENTRY--PERSONAL NAME
Personal name Comey, James B.,
Titles and words associated with a name Jr.,
Dates associated with a name 1960-
Relator term author.
9 (RLIN) 97573
245 12 - TITLE STATEMENT
Title A higher loyalty :
Remainder of title truth, lies, and leadership
Statement of responsibility, etc. James Comey.
246 30 - VARYING FORM OF TITLE
Title proper/short title Truth, lies, and leadership
246 3# - VARYING FORM OF TITLE
Title proper/short title Truth, lies, & leadership
250 ## - EDITION STATEMENT
Edition statement First Edition.
260 ## - PUBLICATION, DISTRIBUTION, ETC.
Place of publication, distribution, etc. New York :
Name of publisher, distributor, etc. Flatiron Books,
Date of publication, distribution, etc. 2018
264 #4 - PRODUCTION, PUBLICATION, DISTRIBUTION, MANUFACTURE, AND COPYRIGHT NOTICE
Date of production, publication, distribution, manufacture, or copyright notice ©2018
300 ## - PHYSICAL DESCRIPTION
Extent xii, 290 pages ;
Dimensions 25 cm
336 ## - CONTENT TYPE
Content type term text
Content type code txt
Source rdacontent
337 ## - MEDIA TYPE
Media type term unmediated
Media type code n
Source rdamedia
338 ## - CARRIER TYPE
Carrier type term volume
Carrier type code nc
Source rdacarrier
500 ## - GENERAL NOTE
General note "April 2018"--Title page verso.
500 ## - GENERAL NOTE
General note Includes index.
505 0# - FORMATTED CONTENTS NOTE
Formatted contents note Introduction -- The life -- This thing of ours -- The bully -- Meaning -- The easy lie -- On the tracks -- Confirmation bias -- In Hoover's shadow -- The Washington listen -- Roadkill -- Speak or conceal -- Trump Tower -- Tests of loyalty -- The cloud -- Epilogue.
520 ## - SUMMARY, ETC.
Summary, etc. Former FBI director James Comey shares his experiences from his two decades in government, exploring what good, ethical leadership looks like, and how it drives sound decisions. His journey provides an entry into the corridors of power and a lesson in what makes an effective leader. Mr. Comey served as director of the FBI from 2013 to 2017, appointed to the post by President Barack Obama. He previously served as U.S. attorney for the Southern District of New York and as the U.S. Deputy Attorney General in the administration of President George W. Bush. From prosecuting the Mafia and Martha Stewart to helping change the Bush administration's policies on torture and electronic surveillance, overseeing the Hillary Clinton e-mail investigation as well as ties between the Trump campaign and Russia, Comey has been involved in some of the most consequential cases and policies of recent history.
600 10 - SUBJECT ADDED ENTRY--PERSONAL NAME
Personal name Comey, James B.,
Titles and other words associated with a name Jr.,
Dates associated with a name 1960-
9 (RLIN) 97573
600 10 - SUBJECT ADDED ENTRY--PERSONAL NAME
Personal name Trump, Donald,
Dates associated with a name 1946-
9 (RLIN) 93769
600 10 - SUBJECT ADDED ENTRY--PERSONAL NAME
Personal name Bush, George W.
Fuller form of name (George Walker),
Dates associated with a name 1946-
9 (RLIN) 97574
600 14 - SUBJECT ADDED ENTRY--PERSONAL NAME
Personal name Comey, James B.,
Titles and other words associated with a name Jr.,
Dates associated with a name 1960-
9 (RLIN) 97573
610 10 - SUBJECT ADDED ENTRY--CORPORATE NAME
Corporate name or jurisdiction name as entry element United States.
Subordinate unit Department of Justice
General subdivision Officials and employees
Form subdivision Biography.
9 (RLIN) 97575
610 10 - SUBJECT ADDED ENTRY--CORPORATE NAME
Corporate name or jurisdiction name as entry element United States.
Subordinate unit Federal Bureau of Investigation
General subdivision Officials and employees
Form subdivision Biography.
9 (RLIN) 97576
610 10 - SUBJECT ADDED ENTRY--CORPORATE NAME
Corporate name or jurisdiction name as entry element United States.
Subordinate unit Department of Justice.
9 (RLIN) 97577
610 10 - SUBJECT ADDED ENTRY--CORPORATE NAME
Corporate name or jurisdiction name as entry element United States.
Subordinate unit Federal Bureau of Investigation.
9 (RLIN) 22643
610 14 - SUBJECT ADDED ENTRY--CORPORATE NAME
Corporate name or jurisdiction name as entry element United States
Subordinate unit Federal Bureau of Investigation
General subdivision Officials and employees
Form subdivision Biography.
9 (RLIN) 97576
650 #0 - SUBJECT ADDED ENTRY--TOPICAL TERM
Topical term or geographic name entry element Presidents
Geographic subdivision United States
General subdivision Election
Chronological subdivision 2016.
9 (RLIN) 97578
650 #0 - SUBJECT ADDED ENTRY--TOPICAL TERM
Topical term or geographic name entry element Political ethics.
650 #0 - SUBJECT ADDED ENTRY--TOPICAL TERM
Topical term or geographic name entry element War on Terrorism, 2001-2009
Form subdivision Personal narratives.
9 (RLIN) 97579
650 #0 - SUBJECT ADDED ENTRY--TOPICAL TERM
Topical term or geographic name entry element Leadership.
650 #1 - SUBJECT ADDED ENTRY--TOPICAL TERM
Topical term or geographic name entry element Leadership.
9 (RLIN) 98525
650 #4 - SUBJECT ADDED ENTRY--TOPICAL TERM
Topical term or geographic name entry element Leadership.
9 (RLIN) 98525
650 #7 - SUBJECT ADDED ENTRY--TOPICAL TERM
Topical term or geographic name entry element BIOGRAPHY & AUTOBIOGRAPHY / Political.
Source of heading or term bisacsh
9 (RLIN) 93841
650 #7 - SUBJECT ADDED ENTRY--TOPICAL TERM
Topical term or geographic name entry element POLITICAL SCIENCE / American Government / National.
Source of heading or term bisacsh
9 (RLIN) 93842
650 #7 - SUBJECT ADDED ENTRY--TOPICAL TERM
Topical term or geographic name entry element HISTORY / United States / 21st Century.
Source of heading or term bisacsh
9 (RLIN) 97581
651 #0 - SUBJECT ADDED ENTRY--GEOGRAPHIC NAME
Geographic name United States
General subdivision Politics and government
Chronological subdivision 2001-2009.
9 (RLIN) 8292
651 #0 - SUBJECT ADDED ENTRY--GEOGRAPHIC NAME
Geographic name United States
General subdivision Politics and government
Chronological subdivision 2009-2017.
9 (RLIN) 97582
651 #0 - SUBJECT ADDED ENTRY--GEOGRAPHIC NAME
Geographic name United States
General subdivision Politics and government
Chronological subdivision 2017-
9 (RLIN) 94973
651 #4 - SUBJECT ADDED ENTRY--GEOGRAPHIC NAME
Geographic name United States
General subdivision Politics and government
Chronological subdivision 2009-2017.
9 (RLIN) 97582
655 #7 - INDEX TERM--GENRE/FORM
Genre/form data or focus term Autobiographies.
Source of term lcgft
9 (RLIN) 93795
906 ## - LOCAL DATA ELEMENT F, LDF (RLIN)
a 7
b cbc
c copycat
d u
e ncip
f 20
g y-gencatlg
942 ## - ADDED ENTRY ELEMENTS (KOHA)
Source of classification or shelving scheme
Koha item type Lincoln Corner
Holdings
Withdrawn status Lost status Source of classification or shelving scheme Damaged status Not for loan Permanent Location Current Location Shelving location Date acquired Full call number Barcode Date last seen Price effective from Koha item type
          Central Library (CL) Central Library (CL) Lincoln Corner 08/17/2022 363.25092 COM LC-375 08/17/2022 08/17/2022 Reference
© 2023 Central Library, National University of Sciences and Technology. All Rights Reserved.